| 000 | 01871nam a2200337 a 4500 | ||
|---|---|---|---|
| 999 |
_c674 _d674 |
||
| 003 | AR-BaISA | ||
| 005 | 20220406172152.0 | ||
| 007 | ta | ||
| 008 | 141020s2017 sp ad | |||| 001 0 spa d | ||
| 017 |
_aM 22956-2014 _bOficina Depósito Legal Madrid |
||
| 020 | _a9788498358759 | ||
| 040 | _cAR-BaISA | ||
| 082 | 0 | 4 |
_222 _a572 F32 |
| 100 | 1 | 0 |
_aFeduchi Canosa, Elena _91620 _eaut. |
| 245 | 1 | 0 |
_aBioquímica: _bconceptos esenciales / _cElena Feduchi Canosa, Carlos Romero Magdalena, Esther Yáñez Conde, Isabel Blasco Castiñeyra y Carlota García-Hoz Jiménez |
| 250 | _a2ª ed. | ||
| 264 |
_aMadrid: _bMédica Panamericana, _c2017 |
||
| 300 |
_aXIII, 456 p.: _bil., graf.; _c28 cm. |
||
| 336 |
_aTexto _2rdacontent |
||
| 337 |
_asin mediación _2rdamedia |
||
| 338 |
_aVolumen _2rdacarrier |
||
| 504 | _aBibliografía p: [443] | ||
| 504 | _aÍndice analítico p: [447]-456 | ||
| 505 |
_tLOS MATERIALES Y FUNCIONES DE LA CÉLULA: _tLas bases de la bioquímica -- _tHidratos de carbono -- _tLípidos -- _tMembranas biológicas y transporte -- _tNucleótidos y ácidos nucleicos -- _tAminoácidos y enlace peptídico -- _tProteínas -- _tEnzimas y catálisis -- _tSeñalización celular -- _tEL METABOLISMO CELULAR: _tBioenergética y metabolismo -- _tMetabolismo de los hidratos de carbono -- _tRutas centrales del metabolismo intermediario -- _tMetabolismo de los lípidos -- _tMetabolismo de los compuestos nitrogenados -- _tIntegración del metabolismo -- _tEL FLUJO DE LA INFORMACIÓN GENÉTICA: _tGenes y genomas -- _tReplicación y reparación del DNA -- _tExpresión y regulación génica |
||
| 650 | 1 | 4 |
_aBioquímica _9905 |
| 700 | 1 |
_aRomero Magdalena, Carlos _91621 _eaut. |
|
| 700 | 1 |
_aYáñez Conde, Esther _91622 _eaut. |
|
| 700 | 1 |
_aBlasco Castiñeyra, Isabel _91623 _eaut. |
|
| 700 | 1 |
_aGarcía-Hoz Jiménez, Carlota _91624 _eaut. |
|
| 942 |
_2ddc _cLI |
||